00728nam a2200241Ia 4500008004100000020001500041050001100056050001400067100001900081245001700100245008200117245004600199260001000245260002500255260000900280300002000289300002000309300001000329500006500339650004900404700002200453700001100475171025s9999 xx 000 0 und d a1594511403 a943.08 bP719 2006 aPlatt, Anthony aBloodlines : brecovering hitler's nuremberg laws, from patton's trophy to public memorial / cby Anthony Platt with Cecilia E. O'Leary. aUSA : bParadigm Publishers, c2006 axi, 268 pages : billustrations ; c22cm. aIncludes notes, bibliographic reference, glossary and index. aHenry E. Huntington Library and Art Gallery. aO'Leary, Cecilia. aTitle.